Konfigurácia bezpečnostných mechanizmov na platforme GNS3
Saved in:
| Main Author: | |
|---|---|
| Other Authors: | |
| Format: | Manuscript Book |
| Language: | Slovak |
| Published: |
Bratislava :
STU v Bratislave FEI,
2025
|
| Subjects: | |
| Online Access: | https://opac.crzp.sk/?fn=detailBiblioFormChildI5G62&sid=8D80AD18777FCC7F65B4B74DC29E&seo=CRZP-detail-kniha |
| Tags: |
No Tags, Be the first to tag this record!
|
MARC
| LEADER | 00000ntm a22000003a 4500 | ||
|---|---|---|---|
| 001 | stuzp102063 | ||
| 003 | SK-STU | ||
| 005 | 20260206103236.8 | ||
| 007 | ta | ||
| 008 | 150427s2015----xo-----f-mn---000-0-slo-d | ||
| 040 | |a STU |b slo | ||
| 041 | 0 | |a slo | |
| 044 | |a xo | ||
| 100 | 1 | |a Režnák, Matej |u 037000 |4 aut |U FEI Fakulta elektrotechniky a informatiky |T FEI Ústav multimediálnych informačných a komunikačných technológií |X 120605 |U E070 |Y 818 |7 120605 | |
| 242 | 0 | 1 | |a Configuring security mechanisms using the GNS3 platform |y eng |
| 245 | 1 | 0 | |a Konfigurácia bezpečnostných mechanizmov na platforme GNS3 |
| 260 | |a Bratislava : |b STU v Bratislave FEI, |c 2025 | ||
| 300 | |a 81 s. | ||
| 650 | 4 | |a sieťová bezpečnosť |2 slo | |
| 650 | 4 | |a simulácie počítačových sietí |2 slo | |
| 650 | 4 | |a infraštruktúra verejného kľúča |2 slo | |
| 650 | 4 | |a IPsec |2 slo | |
| 650 | 4 | |a OpenVPN |2 slo | |
| 650 | 4 | |a GNS3 |2 slo | |
| 650 | 4 | |a šifrovanie |2 slo | |
| 650 | 4 | |a certifikát |2 slo | |
| 650 | 4 | |a network security |2 eng | |
| 650 | 4 | |a computer network simulation |2 eng | |
| 650 | 4 | |a public key infrastructure |2 eng | |
| 650 | 4 | |a IPsec |2 eng | |
| 650 | 4 | |a OpenVPN |2 eng | |
| 650 | 4 | |a GNS3 |2 eng | |
| 650 | 4 | |a certificate |2 eng | |
| 650 | 4 | |a encryption |2 eng | |
| 700 | 1 | |a Páleník, Tomáš |u 037000 |k Z1 |4 ths |U FEI Fakulta elektrotechniky a informatiky |T FEI Ústav multimediálnych informačných a komunikačných technológií |X 19622 |U E070 |Y 818 |7 A000019622 | |
| 856 | 4 | |u https://opac.crzp.sk/?fn=detailBiblioFormChildI5G62&sid=8D80AD18777FCC7F65B4B74DC29E&seo=CRZP-detail-kniha | |